On This Day: July 5th II Quiz Stats

 Plays Quiz Updated Jul 11, 2018

Score 0/7 Timer 03:00
0 Plays Today
Question Answer Wrong Answers
This iconic summer fashion item, named after a Pacific atoll where the US had just conducted an atomic test, debuts at a fashion show in Paris.
1946
Bikini swimsuit
92.1%
Halter top
2.9%
Maxi dress
0.9%
Aviator sunglasses
3.3%
Tech entrepreneur Jeff Bezos founds this online retailer in a garage in Bellevue, Washington.
1994
Amazon
86.2%
eBay
10.8%
Zappos
0.9%
Overstock
0.8%
Operation Citadel, the last offensive Germany would launch against this Allied power on the Eastern Front, begins with the Battle of Kursk.
1943
Soviet Union
78.3%
United States
1.9%
United Kingdom
5.5%
Poland
13.6%
This American actress, known for her roles as Nurse Jackie and Carmela Soprano, wife of mob boss Tony Soprano, is born in New York City.
1963
Edie Falco
77.2%
Kyra Sedgwick
4.6%
Julianna Margulies
10.3%
Frances McDormand
6.5%
After 8 years of war, this large African nation on the Mediterranean, whose name is derived from its capital city, declares its independence from France.
1962
Algeria
65.4%
Egypt
1.6%
Tunisia
28.4%
Sudan
3.5%
Now better known for its protective duties, this US law enforcement agency is created within the Treasury Department to curb counterfeiting.
1865
Secret Service
56.1%
Federal Bureau of Investigation
25.1%
Central Intelligence Agency
8%
US Marshals Service
10.6%
This North American political body passes the Olive Branch Petition, affirming loyalty to King George III in a final attempt to avoid war.
1775
Second Continental Congress
28.6%
First Continental Congress
46.2%
Constitutional Convention
10.7%
House of Burgesses
14.4%

You're not logged in!

Compare scores with friends on all Sporcle quizzes.
OR
Log In

Sporcle TV

Today on Sporcle TV


Watch our educational content, quiz creation guides, and fun videos on Sporcle TV.

Show Comments

Extras

Top Quizzes Today


Score Distribution

Your Account Isn't Verified!

In order to create a playlist on Sporcle, you need to verify the email address you used during registration. Go to your Sporcle Settings to finish the process.

Report this User

Report this user for behavior that violates our Community Guidelines.

Details: